000 00605nam a2200205Ia 4500
003 GCL
008 140319s9999 xx 000 0 eng d
020 _a221302748X
040 _aGCL /
_cGCL
082 0 4 _a922.22
_bE R
100 1 _aENDEN, MICHEL DE
245 1 0 _aRASPOUTINE :
_bET LE CREPUSCULE DE LA MOMARCHIE EN RUSSIE /
_cENDEN, MICHEL DE
260 _aفرنسا :
_bFAYERD ET IENTERTEXTES ،
_c1976
300 _a22 CM ؛
_c367 P
650 0 4 _aRASPOUTINE GRIGORY - BIOGRAPHY
650 0 4 _aCHRISTIANS BIOGRAPHY
650 0 4 _aRUSSIA - CHRISTIANS
650 0 4 _aRUSSIA - SAINT
942 _2ddc
_cBK
999 _c4758
_d4758